<?xml version="1.0" encoding="UTF-8"?><marc:collection xmlns:marc="http://www.loc.gov/MARC21/slim">
  <marc:record>
    <marc:leader>03474nas a2200601 c 4500</marc:leader>
    <marc:controlfield tag="001">010057366</marc:controlfield>
    <marc:controlfield tag="003">DE-101</marc:controlfield>
    <marc:controlfield tag="005">20241112213534.0</marc:controlfield>
    <marc:controlfield tag="007">tu</marc:controlfield>
    <marc:controlfield tag="007">hu uuu000uuau</marc:controlfield>
    <marc:controlfield tag="008">991118d18111945xx w||n   l|| 0||||1ger c</marc:controlfield>
    <marc:datafield tag="015" ind1=" " ind2=" ">
      <marc:subfield code="a">10,A32</marc:subfield>
      <marc:subfield code="2">dnb</marc:subfield>
    </marc:datafield>
    <marc:datafield tag="016" ind1="7" ind2=" ">
      <marc:subfield code="2">DE-600</marc:subfield>
      <marc:subfield code="a">3836-2</marc:subfield>
    </marc:datafield>
    <marc:datafield tag="016" ind1="7" ind2=" ">
      <marc:subfield code="2">DE-101</marc:subfield>
      <marc:subfield code="a">010057366</marc:subfield>
    </marc:datafield>
    <marc:datafield tag="035" ind1=" " ind2=" ">
      <marc:subfield code="a">(DE-599)ZDB3836-2</marc:subfield>
    </marc:datafield>
    <marc:datafield tag="035" ind1=" " ind2=" ">
      <marc:subfield code="a">(OCoLC)1367297237</marc:subfield>
    </marc:datafield>
    <marc:datafield tag="040" ind1=" " ind2=" ">
      <marc:subfield code="a">9001</marc:subfield>
      <marc:subfield code="b">ger</marc:subfield>
      <marc:subfield code="c">DE-101</marc:subfield>
      <marc:subfield code="d">9999</marc:subfield>
    </marc:datafield>
    <marc:datafield tag="041" ind1=" " ind2=" ">
      <marc:subfield code="a">ger</marc:subfield>
    </marc:datafield>
    <marc:datafield tag="042" ind1=" " ind2=" ">
      <marc:subfield code="a">zdb</marc:subfield>
    </marc:datafield>
    <marc:datafield tag="044" ind1=" " ind2=" ">
      <marc:subfield code="c">XA-DXDE</marc:subfield>
      <marc:subfield code="c">XA-DE</marc:subfield>
    </marc:datafield>
    <marc:datafield tag="082" ind1="7" ind2="4">
      <marc:subfield code="a">350</marc:subfield>
      <marc:subfield code="q">DE-101</marc:subfield>
      <marc:subfield code="2">22sdnb</marc:subfield>
    </marc:datafield>
    <marc:datafield tag="083" ind1="7" ind2=" ">
      <marc:subfield code="a">350</marc:subfield>
      <marc:subfield code="a">340</marc:subfield>
      <marc:subfield code="a">070</marc:subfield>
      <marc:subfield code="q">DE-600</marc:subfield>
      <marc:subfield code="2">22sdnb</marc:subfield>
    </marc:datafield>
    <marc:datafield tag="090" ind1=" " ind2=" ">
      <marc:subfield code="n">rs</marc:subfield>
      <marc:subfield code="n">sm</marc:subfield>
    </marc:datafield>
    <marc:datafield tag="110" ind1="1" ind2=" ">
      <marc:subfield code="0">(DE-588)44527-7</marc:subfield>
      <marc:subfield code="0">https://d-nb.info/gnd/44527-7</marc:subfield>
      <marc:subfield code="0">(DE-101)000445274</marc:subfield>
      <marc:subfield code="a">Regierungsbezirk Liegnitz</marc:subfield>
      <marc:subfield code="e">Verfasser</marc:subfield>
      <marc:subfield code="4">aut</marc:subfield>
      <marc:subfield code="2">gnd</marc:subfield>
    </marc:datafield>
    <marc:datafield tag="245" ind1="1" ind2="0">
      <marc:subfield code="a">Amts-Blatt der Preußischen Regierung zu Liegnitz</marc:subfield>
    </marc:datafield>
    <marc:datafield tag="247" ind1="0" ind2="0">
      <marc:subfield code="a">Amts-Blatt der Königlich-Liegnitzschen Regierung von Schlesien</marc:subfield>
      <marc:subfield code="f">Hauptsacht. anfangs</marc:subfield>
    </marc:datafield>
    <marc:datafield tag="247" ind1="0" ind2="0">
      <marc:subfield code="a">Amts-Blatt der Königlichen Regierung zu Liegnitz</marc:subfield>
      <marc:subfield code="f">Hauptsacht. bis 108.1918</marc:subfield>
    </marc:datafield>
    <marc:datafield tag="247" ind1="0" ind2="0">
      <marc:subfield code="a">Amts-Blatt der Regierung zu Liegnitz</marc:subfield>
      <marc:subfield code="f">Hauptsacht. 109.1919 - 118.1928</marc:subfield>
    </marc:datafield>
    <marc:datafield tag="247" ind1="0" ind2="0">
      <marc:subfield code="a">Amtsblatt der Regierung in Liegnitz</marc:subfield>
      <marc:subfield code="f">Hauptsacht. 134.1945 - 135.1945</marc:subfield>
    </marc:datafield>
    <marc:datafield tag="247" ind1="0" ind2="0">
      <marc:subfield code="a">Amtsblatt der Regierung zu Liegnitz</marc:subfield>
      <marc:subfield code="f">Hauptsacht. der Mikrofiche-Ausg.</marc:subfield>
    </marc:datafield>
    <marc:datafield tag="247" ind1="0" ind2="0">
      <marc:subfield code="a">nebst Öffentl. Anzeiger</marc:subfield>
      <marc:subfield code="f">Zusatz der Mikrofiche-Ausg.</marc:subfield>
    </marc:datafield>
    <marc:datafield tag="247" ind1="0" ind2="0">
      <marc:subfield code="a">Amtsblatt der Königlichen Regierung zu Liegnitz</marc:subfield>
      <marc:subfield code="f">Hauptsacht. der Mikrofiche-Ausg. auf dem Behältnis</marc:subfield>
    </marc:datafield>
    <marc:datafield tag="264" ind1="3" ind2="1">
      <marc:subfield code="a">Liegnitz</marc:subfield>
      <marc:subfield code="b">Regierung zu Liegnitz</marc:subfield>
      <marc:subfield code="c">1811-1945</marc:subfield>
    </marc:datafield>
    <marc:datafield tag="336" ind1=" " ind2=" ">
      <marc:subfield code="a">Text</marc:subfield>
      <marc:subfield code="b">txt</marc:subfield>
      <marc:subfield code="2">rdacontent</marc:subfield>
    </marc:datafield>
    <marc:datafield tag="337" ind1=" " ind2=" ">
      <marc:subfield code="a">ohne Hilfsmittel zu benutzen</marc:subfield>
      <marc:subfield code="b">n</marc:subfield>
      <marc:subfield code="2">rdamedia</marc:subfield>
    </marc:datafield>
    <marc:datafield tag="337" ind1=" " ind2=" ">
      <marc:subfield code="a">Mikroform</marc:subfield>
      <marc:subfield code="b">h</marc:subfield>
      <marc:subfield code="2">rdamedia</marc:subfield>
    </marc:datafield>
    <marc:datafield tag="338" ind1=" " ind2=" ">
      <marc:subfield code="a">Band</marc:subfield>
      <marc:subfield code="b">nc</marc:subfield>
      <marc:subfield code="2">rdacarrier</marc:subfield>
    </marc:datafield>
    <marc:datafield tag="338" ind1=" " ind2=" ">
      <marc:subfield code="a">Sonstige Mikroformen</marc:subfield>
      <marc:subfield code="b">hz</marc:subfield>
      <marc:subfield code="2">rdacarrier</marc:subfield>
    </marc:datafield>
    <marc:datafield tag="362" ind1="0" ind2=" ">
      <marc:subfield code="a">1.1811 - 135.1945[?]</marc:subfield>
    </marc:datafield>
    <marc:datafield tag="363" ind1="0" ind2="0">
      <marc:subfield code="8">1.1\x</marc:subfield>
      <marc:subfield code="a">1</marc:subfield>
      <marc:subfield code="i">1811</marc:subfield>
    </marc:datafield>
    <marc:datafield tag="363" ind1="1" ind2="0">
      <marc:subfield code="8">1.2\x</marc:subfield>
      <marc:subfield code="a">135</marc:subfield>
      <marc:subfield code="i">1945</marc:subfield>
    </marc:datafield>
    <marc:datafield tag="365" ind1=" " ind2=" ">
      <marc:subfield code="b">EUR 1498.00 (Mikrofiche-Ausg., einschl. Öffentl. Anzeiger)</marc:subfield>
    </marc:datafield>
    <marc:datafield tag="515" ind1=" " ind2=" ">
      <marc:subfield code="a">Teils ohne Jg.-Zählung. - Periodizität: wöchentl.</marc:subfield>
    </marc:datafield>
    <marc:datafield tag="530" ind1=" " ind2=" ">
      <marc:subfield code="a">Mikrofiche-Ausg.: Berlin : Staatsbibliothek zu Berlin. - Mikrofiche-Ausg.: Hildesheim : Olms Neue Medien, 2003. (Die preussischen Regierungsamtsblätter). - Mikrofilm-Ausg.: Berlin : Staatsbibliothek zu Berlin</marc:subfield>
    </marc:datafield>
    <marc:datafield tag="533" ind1=" " ind2=" ">
      <marc:subfield code="7">d20032003</marc:subfield>
      <marc:subfield code="a">Mikrofiche-Ausg.</marc:subfield>
      <marc:subfield code="b">Berlin</marc:subfield>
      <marc:subfield code="c">Staatsbibliothek zu Berlin</marc:subfield>
      <marc:subfield code="b">[Hildesheim]</marc:subfield>
      <marc:subfield code="c">Olms Neue Medien</marc:subfield>
      <marc:subfield code="f">Die preussischen Regierungsamtsblätter</marc:subfield>
    </marc:datafield>
    <marc:datafield tag="655" ind1=" " ind2="7">
      <marc:subfield code="0">(DE-588)4067510-5</marc:subfield>
      <marc:subfield code="0">https://d-nb.info/gnd/4067510-5</marc:subfield>
      <marc:subfield code="0">(DE-101)040675106</marc:subfield>
      <marc:subfield code="a">Zeitung</marc:subfield>
      <marc:subfield code="2">gnd-content</marc:subfield>
    </marc:datafield>
    <marc:datafield tag="655" ind1=" " ind2="7">
      <marc:subfield code="0">(DE-588)4142300-8</marc:subfield>
      <marc:subfield code="0">https://d-nb.info/gnd/4142300-8</marc:subfield>
      <marc:subfield code="0">(DE-101)041423003</marc:subfield>
      <marc:subfield code="a">Amtliche Publikation</marc:subfield>
      <marc:subfield code="2">gnd-content</marc:subfield>
    </marc:datafield>
    <marc:datafield tag="751" ind1=" " ind2=" ">
      <marc:subfield code="0">(DE-588)4035683-8</marc:subfield>
      <marc:subfield code="0">https://d-nb.info/gnd/4035683-8</marc:subfield>
      <marc:subfield code="0">(DE-101)040356833</marc:subfield>
      <marc:subfield code="a">Liegnitz</marc:subfield>
      <marc:subfield code="e">Verbreitungsort</marc:subfield>
      <marc:subfield code="4">dbp</marc:subfield>
      <marc:subfield code="2">gnd</marc:subfield>
    </marc:datafield>
    <marc:datafield tag="770" ind1="0" ind2="8">
      <marc:subfield code="i">Supplement</marc:subfield>
      <marc:subfield code="a">Regierungsbezirk Liegnitz</marc:subfield>
      <marc:subfield code="t">Amtsblatt der Preußischen Regierung zu Liegnitz / Öffentlicher Anzeiger. Öffentlicher Anzeiger</marc:subfield>
      <marc:subfield code="d">Liegnitz : Regierung zu Liegnitz, 1811-1943</marc:subfield>
      <marc:subfield code="w">(DE-600)1092187-4</marc:subfield>
      <marc:subfield code="w">(DE-101)016227026</marc:subfield>
    </marc:datafield>
    <marc:datafield tag="770" ind1="0" ind2="8">
      <marc:subfield code="i">Supplement</marc:subfield>
      <marc:subfield code="t">Repertorium der vom Jahr ... bis ... einschließlich durch die Amtsblätter der Königl. Regierungen zu Breslau, Liegnitz und Oppeln publicirten, noch in Kraft befindlichen Verordnungen</marc:subfield>
      <marc:subfield code="d">Breslau : [Verlag nicht ermittelbar], 1825-1838</marc:subfield>
      <marc:subfield code="w">(DE-600)1471144-8</marc:subfield>
      <marc:subfield code="w">(DE-101)019642598</marc:subfield>
    </marc:datafield>
    <marc:datafield tag="776" ind1="0" ind2="8">
      <marc:subfield code="i">Elektronische Reproduktion</marc:subfield>
      <marc:subfield code="a">Regierungsbezirk Liegnitz</marc:subfield>
      <marc:subfield code="t">Amts-Blatt der Preußischen Regierung zu Liegnitz</marc:subfield>
      <marc:subfield code="d">Liegnitz : Regierung zu Liegnitz, 1811-1920</marc:subfield>
      <marc:subfield code="h">Online-Ressource</marc:subfield>
      <marc:subfield code="w">(DE-600)2793462-7</marc:subfield>
      <marc:subfield code="w">(DE-101)1059595036</marc:subfield>
    </marc:datafield>
    <marc:datafield tag="850" ind1=" " ind2=" ">
      <marc:subfield code="a">DE-101a</marc:subfield>
      <marc:subfield code="a">DE-101b</marc:subfield>
    </marc:datafield>
    <marc:datafield tag="925" ind1="r" ind2=" ">
      <marc:subfield code="a">ra</marc:subfield>
    </marc:datafield>
  </marc:record>
</marc:collection>
